000 00520nam a2200217Ia 4500
001 17344
003 GE_BSU
008 181216s||||||||xx |||||||||||||| ||und||
040 _cGE_BSU
080 _a811.112
100 _aKleppin, Karin
245 _aFehler und fehlerkorrektur. Fernstudieneinheit 19
260 _aBerlin
260 _c1998
300 _a150p.
541 _h5ლ.75თ
653 _aFehler und fehlerkorrektur
653 _aFernstudieneinheit
653 _aქსეროქსი
942 _cBK
999 _c50400
_d50400